|
|
|
|
| LEADER |
02187nam a2200565 a 4500 |
| 001 |
nkc20122415921 |
| 003 |
CZ PrNK |
| 005 |
20121221142724.0 |
| 007 |
ta |
| 008 |
121115s2012 xr a e 000 0 cze |
| 015 |
|
|
|a cnb002415921
|
| 020 |
|
|
|a 978-80-244-3215-1
|q (brož.) :
|c neprodejné
|
| 035 |
|
|
|a (OCoLC)820695439
|
| 040 |
|
|
|a ABA001
|b cze
|
| 043 |
|
|
|a e-xr---
|
| 045 |
|
|
|a y-y-
|
| 072 |
|
7 |
|a 796
|x Sport. Hry. Tělesná cvičení
|2 Konspekt
|9 20
|
| 080 |
|
|
|a 613.71/.73
|2 MRF
|
| 080 |
|
|
|a 796.034.2
|2 MRF
|
| 080 |
|
|
|a 316.344.6-056.26/.3
|2 MRF
|
| 080 |
|
|
|a 005.591
|2 MRF
|
| 080 |
|
|
|a (437.3)
|2 MRF
|
| 080 |
|
|
|a (047)
|2 MRF
|
| 245 |
0 |
0 |
|a Centra podpory integrace :
|b závěrečná zpráva projektu /
|c [editoři Alena Vyskočilová, Ondřej Ješina]
|
| 246 |
1 |
|
|i Název v tiráži:
|a Centra podpory integrace - závěrečná zpráva
|
| 250 |
|
|
|a 1. vyd.
|
| 260 |
|
|
|a Olomouc :
|b Univerzita Palackého v Olomouci,
|c 2012
|
| 300 |
|
|
|a 27 s. :
|b barev. il. ;
|c 21 x 30 cm
|
| 500 |
|
|
|a Název z obálky
|
| 500 |
|
|
|a Nad názvem: Univerzita Palackého v Olomouci, Fakulta tělesné kultury, katedra aplikovaných pohybových aktivit
|
| 521 |
8 |
|
|a Určeno pro prezentaci a publicitu
|
| 648 |
|
7 |
|a 2001-2020
|7 ch460601
|2 czenas
|
| 650 |
0 |
7 |
|a pohybová aktivita
|7 ph124199
|2 czenas
|
| 650 |
0 |
7 |
|a sportovní aktivity
|7 ph406515
|2 czenas
|
| 650 |
0 |
7 |
|a osoby se zdravotním postižením
|7 ph127575
|2 czenas
|
| 650 |
0 |
7 |
|a programy a projekty
|7 ph255086
|z Česko
|y 2001-2020
|2 czenas
|
| 650 |
0 |
9 |
|a movement activity
|2 eczenas
|
| 650 |
0 |
9 |
|a sports activities
|2 eczenas
|
| 650 |
0 |
9 |
|a people with disabilities
|2 eczenas
|
| 650 |
0 |
9 |
|a programs and projects
|z Czechia
|y 2001-2020
|2 eczenas
|
| 655 |
|
7 |
|a zprávy
|7 fd133875
|2 czenas
|
| 655 |
|
9 |
|a reports
|2 eczenas
|
| 700 |
1 |
|
|a Vyskočilová, Alena
|7 xx0129133
|4 edt
|
| 700 |
1 |
|
|a Ješina, Ondřej,
|d 1980-
|7 mzk2007394912
|4 edt
|
| 710 |
2 |
|
|a Univerzita Palackého.
|b Katedra aplikovaných pohybových aktivit
|7 mzk2006340923
|
| 910 |
2 |
|
|a BOA001
|b 4-1295.523
|
| 990 |
|
|
|a BK
|
| 995 |
|
|
|a 01
|
| 991 |
|
|
|b 201212
|c NOV
|e n
|
| 996 |
6 |
|
|b 2610530218
|c 4-1295.523
|l MZK
|r Sklad / do 1 hodiny
|n 0
|p p.v.
|w 001302049
|u 000010
|a 1
|e BOA001
|j MZK50
|s P
|